| 000 | 00879nas a2200289 4500 | ||
|---|---|---|---|
| 001 | BR2012004957 | ||
| 003 | BR-BrBNA | ||
| 005 | 20231205120832.0 | ||
| 007 | ta | ||
| 008 | 230509b bl.|||p| |||| 00| 00por d | ||
| 040 |
_aBR-BrBNA _bpor _cBiblioteca Nacional de Agricultura |
||
| 041 | _a(Pt) | ||
| 072 | _aQ03 | ||
| 100 | 1 | _aTrindade, S.L. da | |
| 100 | 1 | _aNunes, P. de O. | |
| 100 | 1 | _aFernandes, K. das G. | |
| 245 | 1 | _aAvaliação da distribuição de cobre associado a compostos de diferentes massas moleculares na polpa de açaí | |
| 650 | _aAÇAÍ | ||
| 650 | _aPALMEIRA OLEAGINOSA | ||
| 650 | _aCOBRE | ||
| 650 | _aMETAL | ||
| 650 | _aCROMATOGRAFIA | ||
| 650 | _aESPECTROMETRIA | ||
| 773 | 0 |
_tActa Amazonica (Brazil) _xISSN 0044-5967 _g(Jun 2012), v. 42(2) p. 287-292 _wBR2012004957 |
|
| 909 |
_a202311 _bLúcia _c55 _dLúcia Elande |
||
| 942 |
_2AGRIS _n0 _cANA |
||
| 999 |
_c220570 _d220570 |
||